Associez le footballeur à son pays - Clic Quiz - Joueurs anciens - Statistiques

Statistiques générales
  • Ce quiz a été pris 1 283 fois
  • Le résultat moyen est 13 sur 20
Statistiques - réponses
Hint Réponse % Correct
Paolo Rossi Italie
86%
Kasper Schmeichel Danemark
85%
Eusebio Portugal
85%
Raymond Kopa France
81%
Ferenc Puskas Hongrie
80%
Clarence Seedorf Pays-Bas
80%
Lev Yachine URSS
79%
Ryan Giggs Pays de Galles
77%
Kenny Dalglish Ecosse
74%
Fernando Hierro Espagne
74%
Gary Lineker Angleterre
73%
Carlos Valderrama Colombie
65%
Roger Milla Cameroun
62%
Paul Breitner Allemagne
61%
Alfredo Di Stefano Argentine
58%
Vahid Halilhodzic Yougoslavie
53%
Jean-Marie Pfaff Belgique
49%
Josef Masopust Tchécoslovaquie
47%
Leonidas Brésil
43%
Enzo Francescoli Uruguay
35%
Aucun quiz correspondant
Distribution des résultats
% des personnes avec chaque résultat
Percentile par nombre de réponses
Votre historique - résultats
Vous n’avez pas pris ce quiz